Largest Countries Without Billionaires - Statistics

General Stats
  • This quiz has been taken 33 times
  • The average score is 9 of 15
Answer Stats
Population Answer % Correct
102M Congo(D.R.)
81%
101M Ethiopia
75%
84.0M Iran
75%
48.5M Kenya
75%
41.2M Sudan
75%
31.1M Angola
69%
30.1M Mozambique
69%
41.6M Uganda
69%
40.2M Iraq
63%
54.8M Myanmar
56%
31.0M Ghana
50%
27.2M Madagascar
44%
34.2M Uzbekistan
38%
29.9M Yemen
31%
26.5M Ivory Coast
25%
No matching quizzes found
Score Distribution
Percent of People with Each Score
Percentile by Number Answered
Your Score History
You have not taken this quiz